000 00479aam a2200157 4500
003 IeDuTC
005 20181127185957.0
008 030311s2002 enk 000 0 eng
020 _a9780747559931
_c
082 0 4 _a823
_220
100 1 _aGordimer, Nadine.
245 1 4 _aThe lying days /
_cNadine Gordimer.
260 _aLondon :
_bBloomsbury,
_c2002, c1953.
300 _a376 p. ;
_c20 cm.
500 _aOriginally published: 1953. First published in Great Britain: London: Penguin, 1994.
999 _c7307
_d7307